[Event "41st IT Bosna 2011"]
[Site "Sarajevo"]
[Date "2011.05.04"]
[Round "2.12"]
[White "Solak, Dragan"]
[Black "Nezad, Husein Aziz"]
[Result "1/2-1/2"]
[WhiteElo "2588"]
[BlackElo "2433"]
[PlyCount "102"]
[EventDate "2011.05.03"]

1. e4 e5 2. Nf3 Nc6 3. Bb5 Nge7 4. Nc3 g6 5. d4 exd4 6. Nd5 Bg7 7. Bg5 h6 8.
Bf6 Bxf6 9. Nxf6+ Kf8 10. Qd2 Ng8 11. Nxg8 Kxg8 12. O-O-O a6 13. Bxc6 dxc6 14.
Qxd4 Qxd4 15. Nxd4 Kg7 16. f3 Re8 17. Rhe1 Kf6 18. Rd3 c5 19. Ne2 Be6 20. Nf4
Rad8 21. Red1 Rxd3 22. Rxd3 b6 23. Kd2 Ke7 24. Nd5+ Bxd5 25. Rxd5 Ke6 26. f4
Rg8 27. Ke3 f5 28. Kf3 h5 29. g3 a5 30. h3 Rh8 31. a4 Rf8 32. c4 c6 33. Re5+
Kf6 34. g4 hxg4+ 35. hxg4 fxg4+ 36. Kxg4 Rd8 37. b3 Rh8 38. Rg5 Rh1 39. e5+ Kf7
40. f5 Rg1+ 41. Kf4 Rf1+ 42. Ke4 Re1+ 43. Kd3 gxf5 44. Rxf5+ Ke6 45. Rf6+ Kd7
46. Rf7+ Kc8 47. Re7 Kb8 48. Re8+ Kc7 49. e6 Kb7 50. Re7+ Kb8 51. Re8+ Kb7
1/2-1/2

[Event "41st IT Bosna 2011"]
[Site "Sarajevo"]
[Date "2011.05.04"]
[Round "2.13"]
[White "Bejtovic, Jasmin"]
[Black "Melkumyan, Hrant"]
[Result "0-1"]
[WhiteElo "2413"]
[BlackElo "2580"]
[PlyCount "170"]
[EventDate "2011.05.03"]

1. e4 e5 2. Nf3 Nc6 3. d4 exd4 4. Nxd4 Nf6 5. Nxc6 bxc6 6. e5 Qe7 7. Qe2 Nd5 8.
c4 Ba6 9. g3 g6 10. b3 Bg7 11. Bb2 O-O 12. Bg2 Rae8 13. O-O Bxe5 14. Qxe5 Qxe5
15. Bxe5 Rxe5 16. cxd5 Bxf1 17. Kxf1 cxd5 18. Nc3 c6 19. Rc1 f5 20. Ne2 Rfe8
21. Bf3 g5 22. h3 Kg7 23. Ke1 Rb8 24. Rc5 Kf6 25. Kd2 d4 26. Rc2 Rb4 27. Nc1
Ra5 28. Nd3 Rb8 29. Be2 Ke7 30. Kc1 Rd5 31. Rc4 a5 32. Bf3 Rd6 33. Ra4 Rb5 34.
Kd2 Kd8 35. Nb2 f4 36. g4 Rh6 37. Rxd4 Kc7 38. Be2 Rb4 39. Rd3 d5 40. Bf1 Rh4
41. Be2 Rh6 42. Bf1 Rh4 43. Be2 Rb8 44. Bf1 Rf8 45. Rc3 Kd6 46. Nd3 h5 47. gxh5
Rxh5 48. Rc5 f3 49. Rc1 Rh4 50. a3 Re8 51. b4 Ra8 52. Ke3 axb4 53. axb4 Ra3 54.
Rb1 Rf4 55. Kd2 Ra2+ 56. Kc3 Rc4+ 57. Kb3 Rac2 58. Ra1 R4c3+ 59. Ka4 Rd2 60.
Nc5 Rxf2 61. Ka5 Re3 62. Kb6 Rb2 63. b5 cxb5 64. Ra8 Rb1 65. Bxb5 Ke5 66. Rf8
Kd4 67. Rf5 Rc3 68. Ne6+ Ke4 69. Rf7 Rg1 70. Bc6 Ke3 71. Bb5 f2 72. Rf5 Rb3 73.
Re5+ Kf3 74. Nd4+ Kf4 75. Rf5+ Ke4 76. Nxb3 Kxf5 77. Nd2 Rd1 78. Nf1 Rc1 79.
Bd3+ Kf4 80. Kb5 Kf3 81. Kb4 Kg2 82. Ne3+ Kxh3 83. Kb3 d4 84. Kb2 dxe3 85. Kxc1
Kg2 0-1

[Event "41st IT Bosna 2011"]
[Site "Sarajevo"]
[Date "2011.05.04"]
[Round "2.14"]
[White "Perunovic, Milos"]
[Black "Slingerland, Fred"]
[Result "1-0"]
[WhiteElo "2578"]
[BlackElo "2415"]
[PlyCount "83"]
[EventDate "2011.05.03"]

1. e4 c5 2. Nc3 Nc6 3. Bb5 g6 4. Bxc6 bxc6 5. d3 Bg7 6. f4 d6 7. Nf3 Nf6 8. O-O
O-O 9. Qe1 Nd7 10. Kh1 Rb8 11. Rb1 Qe8 12. e5 Nb6 13. Ne4 f5 14. exf6 Bxf6 15.
b3 Nd5 16. c4 Nb4 17. Qe2 Bf5 18. a3 Na6 19. h3 Nc7 20. g4 Bd7 21. Nxf6+ exf6
22. Qh2 Rf7 23. Bd2 f5 24. Bc3 Re7 25. Qg3 Re2 26. Qh4 Qf8 27. Rbe1 Rbe8 28.
Ng5 h6 29. Ne4 Rxe1 30. Nf6+ Kf7 31. Bxe1 Re7 32. Bc3 Ne8 33. Nh7 Qg8 34. Qxh6
Re3 35. Qh4 d5 36. Be5 Rxd3 37. Re1 dxc4 38. Ng5+ Kf8 39. Nh7+ Kf7 40. Bb8 g5
41. Qh5+ Qg6 42. Nxg5+ 1-0

[Event "41st IT Bosna 2011"]
[Site "Sarajevo"]
[Date "2011.05.04"]
[Round "2.15"]
[White "Jakovljevic, Vlado"]
[Black "Kovacevic, Aleksandar"]
[Result "1/2-1/2"]
[WhiteElo "2390"]
[BlackElo "2575"]
[PlyCount "92"]
[EventDate "2011.05.03"]

1. Nf3 c5 2. c4 Nc6 3. d4 cxd4 4. Nxd4 Nf6 5. Nc3 e6 6. g3 Qb6 7. Ndb5 Ne5 8.
Bg2 a6 9. Qa4 Rb8 10. Be3 Bc5 11. Bxc5 Qxc5 12. Qa3 Qxa3 13. Nxa3 g5 14. h3 Ke7
15. O-O-O b6 16. b3 Bb7 17. Bxb7 Rxb7 18. Kb2 Rc8 19. Rd4 Rbc7 20. Rc1 h6 21.
Rc2 Nc6 22. Rd1 Nb4 23. Rcc1 d5 24. cxd5 Nbxd5 25. Nxd5+ Nxd5 26. Rxc7+ Rxc7
27. Nc4 b5 28. Ne5 f6 29. Nd3 b4 30. Rc1 Rxc1 31. Kxc1 a5 32. Kd2 Kd6 33. Nb2
Kc5 34. Na4+ Kc6 35. e4 Nc7 36. Kd3 Nb5 37. Nb2 Nc3 38. Nc4 Nxa2 39. Nxa5+ Kb6
40. Nc4+ Kc5 41. Na5 Kb5 42. Nb7 Nc1+ 43. Kc2 Ne2 44. Kd3 Nc1+ 45. Kc2 Ne2 46.
Kd3 Nc1+ 1/2-1/2

[Event "41st IT Bosna 2011"]
[Site "Sarajevo"]
[Date "2011.05.04"]
[Round "2.16"]
[White "Lafuente, Pablo"]
[Black "Kanmazalp, Ogulcan"]
[Result "1/2-1/2"]
[WhiteElo "2555"]
[BlackElo "2404"]
[PlyCount "43"]
[EventDate "2011.05.03"]

1. d4 Nf6 2. c4 g6 3. Nf3 Bg7 4. g3 O-O 5. Bg2 d5 6. cxd5 Nxd5 7. O-O Nb6 8.
Nc3 Nc6 9. e3 Re8 10. d5 Na5 11. Nd4 Bd7 12. b3 c6 13. dxc6 Nxc6 14. Nxc6 Bxc6
15. Bxc6 bxc6 16. Bb2 Qxd1 17. Rfxd1 a5 18. Rdc1 Rec8 19. Rab1 a4 20. Ne4 axb3
21. axb3 Nd7 22. Bxg7 1/2-1/2

[Event "41st IT Bosna 2011"]
[Site "Sarajevo"]
[Date "2011.05.04"]
[Round "2.17"]
[White "Firat, Burak"]
[Black "Esen, Baris"]
[Result "1/2-1/2"]
[WhiteElo "2380"]
[BlackElo "2553"]
[PlyCount "137"]
[EventDate "2011.05.03"]

1. e4 c5 2. Nf3 d6 3. d4 cxd4 4. Nxd4 Nf6 5. Nc3 a6 6. Be2 e5 7. Nb3 Be7 8. O-O
O-O 9. a4 Nc6 10. Bf3 Nb4 11. Be3 Be6 12. a5 Rc8 13. Re1 Qd7 14. Re2 d5 15.
exd5 Nfxd5 16. Nxd5 Nxd5 17. Ba7 Rfd8 18. Rxe5 Bf6 19. Re1 Bxb2 20. Nc5 Qb5 21.
Nxe6 fxe6 22. Bxd5 Qxd5 23. Rb1 Qxd1 24. Rexd1 Rxd1+ 25. Rxd1 Rxc2 26. Rd8+ Kf7
27. g3 Ke7 28. Rb8 Rc7 29. Kf1 Be5 30. Rh8 h6 31. f4 Bd6 32. Bd4 Kf7 33. Rd8
Be7 34. Rb8 Bb4 35. Bb6 Rd7 36. Ke2 Kg6 37. Kf3 Bd6 38. Rc8 e5 39. fxe5 Bxe5
40. Ke4 Bd6 41. Rc3 Kf7 42. Rc8 Ke6 43. Bd4 Re7 44. Rh8 Bb4 45. Bb6 Kf7+ 46.
Kf5 Bd6 47. Rc8 Re2 48. Rd8 Re5+ 49. Kg4 h5+ 50. Kf3 Ke6 51. Rg8 g5 52. Re8+
Kd5 53. Rxe5+ Kxe5 54. g4 hxg4+ 55. Kxg4 Ke4 56. h3 Bf4 57. Bd8 Bd2 58. Bc7 Kd5
59. Bd8 Ke6 60. Bb6 Kd7 61. Kf5 Kc6 62. Bd8 b5 63. axb6 Kb7 64. Ke4 a5 65. Kd3
Bf4 66. Kc4 Kc6 67. Kb3 Be3 68. Ka4 Bxb6 69. Bxg5 1/2-1/2

[Event "41st IT Bosna 2011"]
[Site "Sarajevo"]
[Date "2011.05.04"]
[Round "2.18"]
[White "Popovic, Dusan"]
[Black "Dumpor, Atif"]
[Result "1-0"]
[WhiteElo "2553"]
[BlackElo "2383"]
[PlyCount "239"]
[EventDate "2011.05.03"]

1. e4 e5 2. Nf3 Nc6 3. Bb5 a6 4. Ba4 Nf6 5. d3 d6 6. c3 Be7 7. O-O O-O 8. Re1
b5 9. Bb3 Na5 10. Bc2 c5 11. Nbd2 Re8 12. Nf1 h6 13. Ng3 Be6 14. d4 cxd4 15.
cxd4 Qc7 16. Bd3 Rac8 17. b3 Bg4 18. Bb2 Nc6 19. d5 Nb4 20. Rc1 Qa5 21. Qd2
Bxf3 22. gxf3 Qxa2 23. Ra1 Qxb3 24. Ra3 Rc2 25. Bxc2 Qxb2 26. Rb3 Qxc2 27. Qxb4
Nd7 28. Rb2 Qc7 29. Nf5 Nc5 30. Qc3 Bf8 31. Qe3 Kh7 32. Rc2 g6 33. Ng3 h5 34.
f4 Bh6 35. Ne2 Qa5 36. Rec1 exf4 37. Qf3 Nxe4 38. Rc7 Ng5 39. Qc3 b4 40. Qd3 b3
41. Nxf4 Kg8 42. Qxb3 Qd2 43. Rc8 Kh7 44. Ng2 Re5 45. h4 Ne4 46. R8c2 Qd4 47.
Re1 Rf5 48. Qb2 Qd3 49. Rc8 Nf6 50. Qe2 Qxd5 51. Qc4 Qxc4 52. Rxc4 Ng4 53. Rc2
Ne5 54. Rd1 d5 55. Kf1 Ng4 56. Rd3 d4 57. Rxd4 Nh2+ 58. Ke2 Nf3 59. Re4 Bg7 60.
Ra2 a5 61. Ne3 Rf6 62. Rxa5 Ng1+ 63. Kf1 Nf3 64. Ke2 Ng1+ 65. Kf1 Nf3 66. Kg2
Ne1+ 67. Kf1 Nf3 68. Ra2 Bh6 69. Kg2 Ne1+ 70. Kf1 Nf3 71. Kg2 Ne1+ 72. Kg1 Nf3+
73. Kh1 Kg7 74. Re2 Kh7 75. Kg2 Kg7 76. Nc4 Kh7 77. Ne5 Nxe5 78. Rxe5 Bf4 79.
R5e4 Kg7 80. Rc2 Rf5 81. Rc3 Bd6 82. Rf3 Rd5 83. Ra4 Be7 84. Raf4 Kh6 85. Re4
Bd8 86. Rxf7 Rd2 87. Kg3 Rd3+ 88. f3 Rd6 89. Re8 g5 90. hxg5+ Bxg5 91. Kh3 Kg6
92. Rb7 Bf6 93. Rg8+ Kh6 94. Rb5 Rd2 95. Rb6 Kh7 96. Re8 Bd8 97. Rc6 Kg7 98.
Re5 Rd3 99. Rf5 Be7 100. Kg2 Rd2+ 101. Kf1 h4 102. Rf4 Bd8 103. Rg4+ Kf7 104.
Rh6 Rh2 105. Rh7+ Ke6 106. Rg6+ Ke5 107. Kg1 Rb2 108. Rg2 Rb1+ 109. Kh2 Kf4
110. Rf7+ Ke3 111. Ra2 Rc1 112. Kg2 Bc7 113. Ra3+ Ke2 114. Re7+ Kd2 115. Rd7+
Ke2 116. Re7+ Kd2 117. Ra7 Bd6 118. Rad7 h3+ 119. Kf2 Rc6 120. Re6 1-0

[Event "41st IT Bosna 2011"]
[Site "Sarajevo"]
[Date "2011.05.04"]
[Round "2.19"]
[White "Saric, Ibro"]
[Black "Rasidovic, Sead"]
[Result "1-0"]
[WhiteElo "2549"]
[BlackElo "2380"]
[PlyCount "115"]
[EventDate "2011.05.03"]

1. d4 Nf6 2. c4 b6 3. f3 e6 4. e4 d6 5. Bd3 Be7 6. Ne2 O-O 7. O-O e5 8. Be3
Nbd7 9. Nbc3 Re8 10. Qd2 c6 11. d5 cxd5 12. cxd5 a6 13. b4 g6 14. Rfc1 Nh5 15.
Na4 Bb7 16. b5 Nc5 17. bxa6 Bxa6 18. Bxa6 Rxa6 19. Nac3 Qd7 20. Rab1 Rea8 21.
Rb2 f5 22. exf5 gxf5 23. Rcb1 Qd8 24. g4 fxg4 25. fxg4 Nf6 26. Bxc5 bxc5 27.
Ng3 Kh8 28. Nf5 Bf8 29. Qg5 Ne8 30. Qh5 Qf6 31. Rb7 Ng7 32. Nxg7 Bxg7 33. Rf1
Qh6 34. Qxh6 Bxh6 35. Rff7 Be3+ 36. Kf1 e4 37. Nxe4 Bd4 38. g5 Rxa2 39. Rxh7+
Kg8 40. Nf6+ Bxf6 41. gxf6 Ra1+ 42. Kg2 R1a2+ 43. Kg3 R8a3+ 44. Kg4 Rg2+ 45.
Kf5 Rf3+ 46. Ke6 Re2+ 47. Kxd6 Rxf6+ 48. Kxc5 Rc2+ 49. Kd4 Rd2+ 50. Ke5 Rg6 51.
Rhd7 Rf2 52. d6 Rf8 53. Rb3 Ra8 54. Rg3 Ra5+ 55. Ke4 Rgg5 56. Rxg5+ Rxg5 57.
Ra7 Kf8 58. Ra8+ 1-0

[Event "41st IT Bosna 2011"]
[Site "Sarajevo"]
[Date "2011.05.04"]
[Round "2.20"]
[White "Trkulja, Goran"]
[Black "Prohaszka, Peter"]
[Result "0-1"]
[WhiteElo "2379"]
[BlackElo "2547"]
[PlyCount "88"]
[EventDate "2011.05.03"]

1. e4 c6 2. d4 d5 3. e5 Bf5 4. Nc3 e6 5. g4 Bg6 6. Nge2 f6 7. Nf4 fxe5 8. Nxg6
hxg6 9. dxe5 Nd7 10. Bf4 Bc5 11. Na4 Qa5+ 12. c3 Bxf2+ 13. Kxf2 b5 14. Bd3 Ne7
15. Kg2 Qxa4 16. Qxa4 bxa4 17. Bc2 Rb8 18. b4 d4 19. Bd2 dxc3 20. Bxc3 Nd5 21.
Bxg6+ Ke7 22. Bd2 Nxe5 23. Be4 Nxg4 24. Rae1 Rbf8 25. Bf3 Nf2 26. Rhf1 Nd3 27.
Re4 Kd6 28. Be2 Rxf1 29. Bxf1 Ne5 30. b5 cxb5 31. Bxb5 Rb8 32. Be2 Rb2 33. Be1
Rxe2+ 34. Rxe2 Nf4+ 35. Kf1 Nxe2 36. Kxe2 Kd5 37. h3 Ke4 38. Bf2 a6 39. Kd2 Nd3
40. Bb6 Nb4 41. a3 Nd5 42. Bd8 g6 43. h4 e5 44. Ke2 Kd4 0-1

[Event "41st IT Bosna 2011"]
[Site "Sarajevo"]
[Date "2011.05.04"]
[Round "2.21"]
[White "Nevednichy, Vladislav"]
[Black "Bistric, Faruk"]
[Result "1-0"]
[WhiteElo "2542"]
[BlackElo "2376"]
[PlyCount "105"]
[EventDate "2011.05.03"]

1. d4 Nf6 2. c4 c5 3. d5 e5 4. Nc3 d6 5. e4 Be7 6. g3 b5 7. cxb5 O-O 8. a4 a6
9. Nf3 axb5 10. Bxb5 Bh3 11. Nd2 Na6 12. f3 Nc7 13. Bd3 g6 14. Nc4 Kg7 15. Be3
h5 16. Qd2 Rh8 17. Bf1 Bxf1 18. Rxf1 Qb8 19. Ke2 Qb7 20. Rfb1 Rhb8 21. Kf2 Qc8
22. Kg2 Rb4 23. b3 Qa6 24. Qc2 Rab8 25. Nd1 Nd7 26. Bd2 R4b7 27. Bc3 Bf6 28.
Nde3 Ne8 29. Na5 Rc7 30. Nec4 Nb6 31. Na3 Rd7 32. Nc6 Rbb7 33. Qd1 Nc8 34. b4
cxb4 35. Nxb4 Qa8 36. Nb5 Nc7 37. Nc6 Na6 38. Qc2 Nb6 39. f4 Nc5 40. fxe5 dxe5
41. Bxe5 Nbxa4 42. Bxf6+ Kxf6 43. Qxc5 Nxc5 44. Rxa8 Nxe4 45. Na5 Rb6 46. Nc4
Rbb7 47. d6 Nc5 48. Rf1+ Kg7 49. Nc7 Nd3 50. Ne8+ Kh6 51. Nf6 Ra7 52. Rxa7 Rxa7
53. d7 1-0

[Event "41st IT Bosna 2011"]
[Site "Sarajevo"]
[Date "2011.05.04"]
[Round "2.22"]
[White "Kadric, Denis"]
[Black "Grandelius, Nils"]
[Result "0-1"]
[WhiteElo "2376"]
[BlackElo "2541"]
[PlyCount "68"]
[EventDate "2011.05.03"]

1. e4 c5 2. Nf3 e6 3. d4 cxd4 4. Nxd4 a6 5. Nc3 b5 6. Bd3 Qb6 7. Nf3 Qc7 8. O-O
Bb7 9. Bd2 Be7 10. a4 b4 11. Na2 Nc6 12. Qe1 a5 13. c3 bxc3 14. Nxc3 Nb4 15.
Nb5 Qd8 16. Bxb4 Bxb4 17. Qc1 Rc8 18. Qf4 Nf6 19. e5 Nh5 20. Qg4 g6 21. Ng5 f5
22. exf6 Nxf6 23. Qg3 Nh5 24. Qg4 Nf6 25. Qg3 Qe7 26. Na7 Rd8 27. Qc7 Ba8 28.
Rac1 Nd5 29. Qe5 O-O 30. Ne4 d6 31. Qd4 e5 32. Qc4 Qxa7 33. Ng5 Qe7 34. Qg4 Nf4
0-1

[Event "41st IT Bosna 2011"]
[Site "Sarajevo"]
[Date "2011.05.04"]
[Round "2.23"]
[White "Berczes, David"]
[Black "Kislik, Erik Andrew"]
[Result "1-0"]
[WhiteElo "2531"]
[BlackElo "2347"]
[PlyCount "51"]
[EventDate "2011.05.03"]

1. Nf3 Nf6 2. c4 e6 3. d4 d5 4. g3 dxc4 5. Bg2 c5 6. O-O Nc6 7. dxc5 Qxd1 8.
Rxd1 Bxc5 9. Nbd2 c3 10. bxc3 O-O 11. Nb3 Be7 12. Nfd4 Nxd4 13. cxd4 Nd5 14.
Bd2 f5 15. Rac1 b6 16. f3 Ba6 17. e4 Nf6 18. Rc6 Kf7 19. d5 exd5 20. e5 Ne8 21.
f4 Rd8 22. Nd4 Bb7 23. Rdc1 Bc5 24. R6xc5 bxc5 25. Rxc5 Kg6 26. Ne6 1-0

[Event "41st IT Bosna 2011"]
[Site "Sarajevo"]
[Date "2011.05.04"]
[Round "2.25"]
[White "Sutkovic, Damir"]
[Black "Szabo, Krisztian"]
[Result "0-1"]
[WhiteElo "2320"]
[BlackElo "2512"]
[PlyCount "78"]
[EventDate "2011.05.03"]

1. d4 Nf6 2. Nf3 e6 3. Bf4 c5 4. e3 cxd4 5. exd4 Be7 6. c3 b6 7. Bd3 Bb7 8. O-O
O-O 9. Re1 d6 10. Nbd2 Nbd7 11. Ne4 Nxe4 12. Bxe4 Bxe4 13. Rxe4 Nf6 14. Re2 b5
15. a4 a6 16. Qb3 Qd7 17. Bg5 Rab8 18. axb5 axb5 19. Ne1 Ra8 20. Rxa8 Rxa8 21.
Nd3 Qc6 22. Re1 Qc4 23. Qc2 h6 24. Bxf6 Bxf6 25. b3 Qc7 26. Qb2 g6 27. g3 Kg7
28. Rc1 Qc6 29. Nb4 Qf3 30. Re1 h5 31. h4 g5 32. hxg5 Bxg5 33. c4 h4 34. Qe2
Qxe2 35. Rxe2 hxg3 36. fxg3 Ra3 37. c5 Rxb3 38. Na6 dxc5 39. dxc5 Ra3 0-1

[Event "41st IT Bosna 2011"]
[Site "Sarajevo"]
[Date "2011.05.04"]
[Round "2.26"]
[White "Cosovic, Aziz"]
[Black "Rapport, Richard"]
[Result "0-1"]
[WhiteElo "2059"]
[BlackElo "2552"]
[PlyCount "98"]
[EventDate "2011.05.03"]

1. e4 e5 2. Nf3 Nc6 3. c3 Nf6 4. d4 exd4 5. e5 Nd5 6. Qb3 Nb6 7. cxd4 d6 8. Bb5
Be6 9. Qc2 Qd7 10. O-O h6 11. Nc3 a6 12. Bxc6 Qxc6 13. Bf4 d5 14. Rac1 Be7 15.
b3 Qd7 16. Ne2 c6 17. Ng3 g6 18. Bd2 Nc8 19. Ne1 h5 20. f4 h4 21. Ne2 Bf5 22.
Qc3 Na7 23. Nf3 Nb5 24. Qe3 Nc7 25. Ba5 Ne6 26. Bb6 Ba3 27. Rcd1 Bf8 28. Bc5
Nxc5 29. dxc5 a5 30. Rc1 b6 31. cxb6 c5 32. Ng5 Be7 33. Rfd1 d4 34. Qf3 O-O 35.
h3 Qb5 36. Qf2 Kg7 37. Kh2 a4 38. bxa4 Rxa4 39. Ng1 Qxb6 40. Qxh4 Rh8 41. Qf2
Qa5 42. Rd2 d3 43. N1f3 Rxf4 44. Qe3 Ra4 45. e6 f6 46. Nf7 Rh5 47. Rb1 Qc7+ 48.
Kh1 Bxh3 49. gxh3 Rxh3+ 0-1

[Event "41st IT Bosna 2011"]
[Site "Sarajevo"]
[Date "2011.05.04"]
[Round "2.27"]
[White "Spasenovic, Zoran"]
[Black "Kurajica, Bojan"]
[Result "0-1"]
[WhiteElo "2131"]
[BlackElo "2531"]
[PlyCount "64"]
[EventDate "2011.05.03"]

1. d4 Nf6 2. c4 e6 3. Nf3 b6 4. g3 Ba6 5. Qc2 Bb7 6. Bg2 c5 7. O-O cxd4 8. Nxd4
Bxg2 9. Kxg2 Qc7 10. Kg1 a6 11. b3 e5 12. Nf3 d5 13. Bb2 Nbd7 14. Qf5 d4 15.
Nbd2 g6 16. Qc2 Bg7 17. Ne4 Nxe4 18. Qxe4 O-O 19. Rac1 Nc5 20. Qc2 a5 21. a3
Rfd8 22. Rfd1 a4 23. b4 Ne6 24. e4 Bh6 25. Rb1 f6 26. Bc1 Bg7 27. Bd2 d3 28.
Qc3 Qb7 29. Re1 f5 30. Ng5 Nd4 31. Qxd3 h6 32. Nh3 fxe4 0-1

[Event "41st IT Bosna 2011"]
[Site "Sarajevo"]
[Date "2011.05.04"]
[Round "2.28"]
[White "Vojinovic, Jovana"]
[Black "Arat, Ufuk Sezen"]
[Result "1/2-1/2"]
[WhiteElo "2305"]
[BlackElo "2053"]
[PlyCount "95"]
[EventDate "2011.05.03"]

1. Nf3 Nf6 2. b3 g6 3. Bb2 Bg7 4. c4 O-O 5. e3 d6 6. Be2 e5 7. O-O Re8 8. Nc3
Nbd7 9. d4 e4 10. Nd2 Nf8 11. d5 h5 12. Qc2 Bf5 13. Rae1 h4 14. Nb5 h3 15. g3
c6 16. dxc6 bxc6 17. Nd4 Bd7 18. c5 dxc5 19. Qxc5 Ne6 20. Qc1 Nxd4 21. Bxd4 Ng4
22. Bxg7 Kxg7 23. Qc3+ Qf6 24. Qxf6+ Kxf6 25. Rc1 Rac8 26. Rc4 Bf5 27. Nxe4+
Rxe4 28. Rxe4 Bxe4 29. Bxg4 Bf5 30. Be2 Rd8 31. Rd1 Rxd1+ 32. Bxd1 Ke5 33. f3
Bb1 34. a3 c5 35. Kf2 f5 36. Ke2 g5 37. Kd2 f4 38. exf4+ gxf4 39. g4 Kd4 40.
Be2 Bg6 41. Bc4 a5 42. Bg8 Be8 43. g5 Ke5 44. Bh7 Bc6 45. Ke2 Bd5 46. g6 Kf6
47. g7 Kxg7 48. Bc2 1/2-1/2

[Event "41st IT Bosna 2011"]
[Site "Sarajevo"]
[Date "2011.05.04"]
[Round "2.29"]
[White "Yurtseven, Melih"]
[Black "Kamberovic, Senad"]
[Result "1-0"]
[WhiteElo "2050"]
[BlackElo "2272"]
[PlyCount "79"]
[EventDate "2011.05.03"]

1. e4 c6 2. d4 d5 3. Nd2 dxe4 4. Nxe4 Nd7 5. Bd3 Ngf6 6. Ng5 e6 7. N1f3 Bd6 8.
Qe2 h6 9. Ne4 Nxe4 10. Qxe4 Nf6 11. Qh4 Qa5+ 12. c3 Qh5 13. Qxh5 Nxh5 14. Ne5
Nf6 15. Bf4 Bb8 16. O-O-O Nd7 17. Bg3 Bxe5 18. dxe5 Nb6 19. c4 Bd7 20. b3 Nc8
21. Be4 Ne7 22. f4 Rc8 23. Rd2 Rc7 24. Rhd1 g6 25. Bf2 b6 26. h3 c5 27. Bh4 Rg8
28. Bf6 h5 29. Kb2 Nf5 30. Rxd7 Rxd7 31. Bc6 Nd4 32. Rxd4 cxd4 33. Kc2 d3+ 34.
Kd2 a5 35. a3 Rf8 36. b4 axb4 37. axb4 Rg8 38. b5 g5 39. fxg5 Rg6 40. h4 1-0

[Event "41st IT Bosna 2011"]
[Site "Sarajevo"]
[Date "2011.05.04"]
[Round "2.30"]
[White "Konjicanin, Muris"]
[Black "Grubacic, Mile"]
[Result "1-0"]
[WhiteElo "2261"]
[BlackElo "2048"]
[PlyCount "120"]
[EventDate "2011.05.03"]

1. d4 Nf6 2. Nf3 e6 3. c4 d5 4. Nc3 Be7 5. e3 O-O 6. Bd3 dxc4 7. Bxc4 Nbd7 8.
O-O c5 9. Qe2 cxd4 10. Nxd4 a6 11. Rd1 Qc7 12. Bd2 b5 13. Bb3 Bb7 14. Rac1 Qb6
15. Be1 Rac8 16. f3 Nc5 17. Bc2 Rfd8 18. Bf2 b4 19. Na4 Nxa4 20. Bxa4 Qa5 21.
Bc6 Qb6 22. Bxb7 Qxb7 23. e4 g6 24. Nb3 Rxd1+ 25. Qxd1 Rd8 26. Qe2 Rc8 27. Rc4
Bd8 28. Rxc8 Qxc8 29. Nc5 a5 30. Qb5 Bc7 31. b3 Ne8 32. g3 Nd6 33. Qc6 Bb8 34.
Qxc8+ Nxc8 35. Nb7 Bc7 36. Bc5 f5 37. Kf2 Kf7 38. Ke2 Ke8 39. Be3 Kd7 40. Kd3
e5 41. Nc5+ Kc6 42. Ne6 fxe4+ 43. Kxe4 Bd6 44. Ng5 h5 45. Nf7 Ne7 46. Nxe5+
Bxe5 47. Kxe5 Nd5 48. Bd2 Nc3 49. a4 Nxa4 50. bxa4 Kc5 51. h4 Kc4 52. g4 Kd3
53. Bc1 Kc2 54. Be3 b3 55. Bd4 b2 56. Bxb2 Kxb2 57. gxh5 gxh5 58. f4 Ka3 59. f5
Kxa4 60. f6 Kb3 1-0

[Event "41st IT Bosna 2011"]
[Site "Sarajevo"]
[Date "2011.05.04"]
[Round "2.32"]
[White "Terzic, Ilijas"]
[Black "Orehek, Spela"]
[Result "1-0"]
[WhiteElo "2224"]
[BlackElo "2017"]
[PlyCount "73"]
[EventDate "2011.05.03"]

1. d4 d5 2. Nf3 Nf6 3. c4 c6 4. Nc3 a6 5. c5 Nbd7 6. Bf4 Nh5 7. Be3 g6 8. Qd2
Bg7 9. Bh6 O-O 10. g3 Re8 11. Bg2 e5 12. Nxe5 Nxe5 13. dxe5 Rxe5 14. O-O Qf8
15. Bxg7 Nxg7 16. e4 dxe4 17. Nxe4 f5 18. Nd6 Rxc5 19. Rfe1 Rb8 20. b4 Rc2 21.
Qxc2 Qxd6 22. Rad1 Qf6 23. Bf1 f4 24. Qc5 fxg3 25. hxg3 Bg4 26. Bc4+ Kh8 27.
Qd6 Qxd6 28. Rxd6 Nf5 29. Rd3 b5 30. Bb3 Ng7 31. f3 Bf5 32. Rd6 h5 33. g4 hxg4
34. fxg4 Bxg4 35. Rxg6 Bf5 36. Rh6+ Bh7 37. Bc2 1-0

[Event "41st IT Bosna 2011"]
[Site "Sarajevo"]
[Date "2011.05.04"]
[Round "2.33"]
[White "Pestek, Elvis"]
[Black "Kruskic, Mirsad"]
[Result "0-1"]
[WhiteElo "2006"]
[BlackElo "2216"]
[PlyCount "86"]
[EventDate "2011.05.03"]

1. e4 c5 2. Nf3 d6 3. d4 cxd4 4. Nxd4 Nf6 5. Nc3 Nc6 6. f3 Bd7 7. Be3 a6 8. g4
h6 9. Qd2 g6 10. O-O-O Ne5 11. g5 hxg5 12. Bxg5 Bg7 13. h4 Rc8 14. Kb1 Nc4 15.
Bxc4 Rxc4 16. Nce2 b5 17. Be3 a5 18. c3 Rc8 19. Ng3 Nh5 20. Nge2 Qc7 21. Rc1
Qb7 22. Qd3 d5 23. Rhf1 a4 24. a3 e5 25. Nc2 Bc6 26. exd5 Bxd5 27. Nb4 Bc4 28.
Qc2 Bxe2 29. Qxe2 Ng3 30. Qf2 Nxf1 31. Rxf1 Rc4 32. h5 Rxh5 33. Rd1 Rf5 34. Qd2
Rc8 35. Ka1 Kf8 36. Bc5+ Kg8 37. Be3 Qxf3 38. Nd5 Re8 39. Nc7 Rc8 40. Nd5 Bf8
41. Bh6 Bxh6 42. Ne7+ Kh7 43. Qd7 Rc7 0-1

[Event "41st IT Bosna 2011"]
[Site "Sarajevo"]
[Date "2011.05.04"]
[Round "2.34"]
[White "Bandic, Adnan"]
[Black "Tucakovic, Mario"]
[Result "1-0"]
[WhiteElo "2210"]
[BlackElo "2005"]
[PlyCount "69"]
[EventDate "2011.05.03"]

1. e4 c5 2. Nf3 d6 3. d4 cxd4 4. Nxd4 Nf6 5. Nc3 g6 6. Be2 Bg7 7. Be3 Nc6 8. h4
h5 9. f3 Ne5 10. Qd2 a6 11. O-O-O Qc7 12. Bg5 Be6 13. f4 Nc4 14. Qd3 Rc8 15.
Nxe6 fxe6 16. e5 Kf7 17. exf6 Nxb2 18. Kxb2 exf6 19. Rhf1 fxg5 20. fxg5+ Ke7
21. Rf6 Rhf8 22. Rxe6+ Kxe6 23. Qxg6+ Bf6 24. Rd3 Qg7 25. Qe4+ Be5 26. Bxh5
Rxc3 27. Rxc3 Rf4 28. Bg4+ Kf7 29. Qd5+ Kf8 30. Kb3 Rb4+ 31. Kxb4 Bxc3+ 32. Kb3
Be5 33. Qe6 b6 34. Qc8+ Kf7 35. Be6+ 1-0

[Event "41st IT Bosna 2011"]
[Site "Sarajevo"]
[Date "2011.05.04"]
[Round "2.35"]
[White "Koksal, Ege"]
[Black "Djukic, Sandra"]
[Result "1-0"]
[WhiteElo "2004"]
[BlackElo "2202"]
[PlyCount "149"]
[EventDate "2011.05.03"]

1. d4 Nf6 2. c4 c5 3. d5 d6 4. Nc3 g6 5. e4 Bg7 6. Bd3 a6 7. Nf3 e6 8. O-O O-O
9. Bd2 exd5 10. exd5 b5 11. cxb5 Bb7 12. Qb3 Nbd7 13. a4 axb5 14. Bxb5 Nb6 15.
Bc6 Bxc6 16. dxc6 Qc7 17. a5 Nc8 18. Qa4 Na7 19. Bf4 Rab8 20. Rfd1 Rfd8 21. Qa2
Nxc6 22. Rd2 Ng4 23. Nd5 Qa7 24. Bg5 Rf8 25. h3 Nge5 26. Nxe5 Nxe5 27. Be7 Rfe8
28. Bxd6 Rbd8 29. Bxe5 Rxe5 30. Rad1 Rde8 31. g3 h5 32. Nb6 Qe7 33. Qb3 Re1+
34. Kg2 Bd4 35. Qf3 Re6 36. Nd5 Qd6 37. b4 Qc6 38. Rc1 Qb5 39. bxc5 Be5 40. c6
Qxa5 41. Rdc2 Rd6 42. Rc5 Qd2 43. c7 Kg7 44. R1c2 Qd4 45. Ne7 Rf6 46. Qe3 Qxe3
47. fxe3 Bxc7 48. Rxc7 Re6 49. Nd5 Rd8 50. Rf2 Rxd5 51. Rfxf7+ Kg8 52. Rfe7
Rd2+ 53. Kf3 Rf6+ 54. Ke4 Kf8 55. Re5 Rf7 56. Rxf7+ Kxf7 57. Ra5 h4 58. gxh4
Rh2 59. h5 Rxh3 60. Ra7+ Kg8 61. hxg6 Rg3 62. g7 Rg5 63. Kf4 Rg1 64. e4 Rg2 65.
Kf5 Rf2+ 66. Ke6 Rf1 67. e5 Rf2 68. Rd7 Rf1 69. Kd6 Rd1+ 70. Ke7 Re1 71. e6
Kxg7 72. Kd8+ Kf6 73. e7 Ra1 74. Rd6+ Ke5 75. Rc6 1-0

[Event "41st IT Bosna 2011"]
[Site "Sarajevo"]
[Date "2011.05.04"]
[Round "2.36"]
[White "Mrndjic, Muamer"]
[Black "Colpa, Husein"]
[Result "1-0"]
[WhiteElo "2182"]
[BlackElo "1990"]
[PlyCount "59"]
[EventDate "2011.05.03"]

1. d4 d5 2. c4 e6 3. Nc3 c6 4. Nf3 Nf6 5. e3 Bb4 6. Bd2 Nbd7 7. Bd3 Ba5 8. O-O
Bc7 9. e4 dxc4 10. Bxc4 b5 11. Bd3 b4 12. Na4 a5 13. Qe2 h6 14. Rac1 Bb7 15. e5
Nd5 16. Rfd1 Qe7 17. Be3 O-O 18. Bd2 f5 19. exf6 Rxf6 20. Ne5 Qd6 21. Re1 Nf4
22. Bxf4 Rxf4 23. Nxd7 Rf7 24. Ne5 Raf8 25. Qe4 g6 26. Nc5 Ba8 27. Bc4 Rf6 28.
Nxe6 Rxe6 29. Qxg6+ Kh8 30. Bxe6 1-0